Which Medical Drama? Quiz Stats

Quiz Updated Nov 17, 2016

Challenge
Share
Tweet
Embed
Score 0/24 Timer 03:00
2 Plays Today
Question Answer Wrong Answers
Janitor Scrubs
86.8%
Grey's Anatomy
1.4%
House, M.D.
3.6%
ER
3.3%
Meredith Grey Grey's Anatomy
86.3%
Scrubs
7.1%
House, M.D.
1.1%
ER
1.5%
Gregory House House, M.D.
85.7%
Scrubs
7.8%
Grey's Anatomy
0.9%
ER
1.3%
Christopher Turk Scrubs
82.9%
Grey's Anatomy
3.4%
House, M.D.
4.7%
ER
4.2%
Cristina Yang Grey's Anatomy
82.2%
Scrubs
7.3%
House, M.D.
2.1%
ER
3.9%
John 'J.D.' Dorian Scrubs
81.9%
Grey's Anatomy
3.7%
House, M.D.
4.7%
ER
4.7%
Derek Shepherd Grey's Anatomy
75.9%
Scrubs
8.8%
House, M.D.
3.9%
ER
6.8%
Perry Cox Scrubs
75.2%
Grey's Anatomy
5.3%
House, M.D.
7.2%
ER
7%
Elliot Reid Scrubs
75.1%
Grey's Anatomy
5.4%
House, M.D.
7%
ER
7.5%
Carla Espinosa Scrubs
71.6%
Grey's Anatomy
7.1%
House, M.D.
5.3%
ER
10.9%
Mark Greene ER
70.3%
Scrubs
9.6%
Grey's Anatomy
9%
House, M.D.
5.8%
Callie Torres Grey's Anatomy
69%
Scrubs
10.6%
House, M.D.
5.3%
ER
10.1%
Lisa Cuddy House, M.D.
68.2%
Scrubs
12%
Grey's Anatomy
6.5%
ER
8.1%
Doug Ross ER
67.8%
Scrubs
13.9%
Grey's Anatomy
6.9%
House, M.D.
6.1%
John Carter ER
67.8%
Scrubs
11.1%
Grey's Anatomy
7.6%
House, M.D.
7.8%
Carol Hathaway ER
66.6%
Scrubs
10.4%
Grey's Anatomy
9.5%
House, M.D.
8%
Peter Benton ER
64%
Scrubs
11%
Grey's Anatomy
9.6%
House, M.D.
9.8%
Alex Karev Grey's Anatomy
63.2%
Scrubs
8.5%
House, M.D.
6.6%
ER
16.6%
James Wilson House, M.D.
63%
Scrubs
11.8%
Grey's Anatomy
9.2%
ER
10.5%
Susan Lewis ER
62.1%
Scrubs
10.5%
Grey's Anatomy
12.3%
House, M.D.
9.4%
Richard Webber Grey's Anatomy
59.3%
Scrubs
9.8%
House, M.D.
10%
ER
15.6%
Robert Chase House, M.D.
57%
Scrubs
12.1%
Grey's Anatomy
11%
ER
14.3%
Eric Foreman House, M.D.
52.9%
Scrubs
16.6%
Grey's Anatomy
7.5%
ER
17.6%
Allison Cameron House, M.D.
52%
Scrubs
12.8%
Grey's Anatomy
16.7%
ER
12.9%

You're not logged in!

Compare scores with friends on all Sporcle quizzes.
Sign Up with Email
OR
Log In

You Might Also Like...

Show Comments

Extras

Top Quizzes Today


Score Distribution

Your Account Isn't Verified!

In order to create a playlist on Sporcle, you need to verify the email address you used during registration. Go to your Sporcle Settings to finish the process.